Iberoamérica en los años 80: perspectiva de cambio social y político /
El documento consiste en una compilación de ponencias de ponentes provenientes de Argentina, Brasil, Centroamérica, México y Venezuela. En ellas se tocaron temas de cambios en las políticas, la evolución de la política, la desigualdad económica, la ilegitimidad política, la petrificación, la democra...
Bewaard in:
| Hoofdauteur: | |
|---|---|
| Andere auteurs: | |
| Formaat: | Onbekend |
| Taal: | Spanish |
| Gepubliceerd in: |
Madrid:
Centro de Investigaciones Sociológicas. Instituto de Cooperación Iberoamericana,
1982
|
| Onderwerpen: | |
| Tags: |
Voeg label toe
Geen labels, Wees de eerste die dit record labelt!
|
MARC
| LEADER | 00000 a2200000 04500 | ||
|---|---|---|---|
| 003 | cru CIDCAS/IIS | ||
| 005 | 20230502154523.0 | ||
| 008 | 211123s1982 sp |||||r|||| 00| 0 spa d | ||
| 040 | |c cru IIS | ||
| 090 | |a 02.02.01 B188i | ||
| 100 | 1 | |9 10157 |a Baloyra Herp, Enrique |e Compilador | |
| 245 | |a Iberoamérica en los años 80: |b perspectiva de cambio social y político / |c Enrique Baloyra Herp, Rafael López Pintor, compiladores | ||
| 260 | |a Madrid: |b Centro de Investigaciones Sociológicas. Instituto de Cooperación Iberoamericana, |c 1982 | ||
| 300 | |a 210 páginas | ||
| 520 | |a El documento consiste en una compilación de ponencias de ponentes provenientes de Argentina, Brasil, Centroamérica, México y Venezuela. En ellas se tocaron temas de cambios en las políticas, la evolución de la política, la desigualdad económica, la ilegitimidad política, la petrificación, la democracia y las relaciones entre Estado Unidos y América Latina. | ||
| 650 | 0 | |9 3691 |a POLITICA | |
| 650 | 4 | |9 1933 |a CAMBIO SOCIAL | |
| 650 | 0 | |9 83 |a DEMOCRACIA | |
| 650 | 0 | |9 4894 |a DESIGUALDAD ECONOMICA | |
| 651 | 4 | |9 2605 |a LATINOAMERICA | |
| 651 | 0 | |9 245 |a ESTADOS UNIDOS | |
| 700 | 1 | |a López Pintor, Rafael |e compilador |9 10158 | |
| 942 | |2 ddc |c LI |h 02.02.01 B188i |i 13501 |6 020201_B188I_13501 | ||
| 999 | |c 43977 |d 43977 | ||
